| 000 | 00602nam a2200181 i 4500 | ||
|---|---|---|---|
| 001 | 50253 | ||
| 003 | ES-MaACL | ||
| 005 | 20230906162140.0 | ||
| 007 | t| | ||
| 008 | 030801s1964 sp ||||1| spa d | ||
| 100 | 1 |
_aCross, J.W. _941715 |
|
| 245 | 1 | 0 |
_aCría y explotación de los conejos / _cJ. W. Cross ; traducida y revisada por Joaquín Mas Perera y Joaquín María Rubies Trias. |
| 260 |
_aBarcelona : _bGEA, _c1964. |
||
| 300 |
_a272 p. : _bil. ; _c22 cm. |
||
| 700 | 1 |
_aMas Perera, Joaquín. _978644 |
|
| 700 | 1 |
_aRubies Trias, Joaquín María. _9100318 |
|
| 852 |
_aES-MaACL _jC-26005 _bR.54610 |
||
| 999 |
_c50253 _d50253 |
||